[Event "Tournoi Skype 021A"]
[Site "Skype"]
[Date "????.??.??"]
[Round "6.1"]
[White "Murgia, Stefano"]
[Black "Siret, Bernard"]
[Result "0-1"]
[WhiteElo "1666"]
[BlackElo "2012"]
[PlyCount "84"]

1. e4 c5 2. Nf3 d6 3. d4 cxd4 4. Nxd4 Nf6 5. Nc3 g6 6. Be3 Bg7 7. f3 Nc6 8. Qd2
O-O 9. Bc4 Bd7 10. O-O-O Qa5 11. Kb1 Rfc8 12. Bb3 Ne5 13. Bg5 Nc4 14. Bxc4 Rxc4
15. h4 Rac8 16. Bxf6 Bxf6 17. Nd5 Qxd2 18. Nxf6+ Kg7 19. Nh5+ Kh6 20. Rxd2 Kxh5
21. g4+ Kh6 22. h5 g5 23. Nf5+ Bxf5 24. exf5 Kg7 25. h6+ Kf6 26. Re1 b5 27. c3
a5 28. Rd5 R8c5 29. Red1 Rxd5 30. Rxd5 Rc5 31. Rd4 d5 32. Kc2 Ke5 33. Kd3 Rc4
34. Ke3 Rxd4 35. cxd4+ Kf6 36. Kd3 e6 37. fxe6 Kxe6 38. Ke3 Kf6 39. f4 Kg6 40.
fxg5 Kxg5 41. Kf3 f5 42. gxf5 Kxf5 0-1

[Event "Tournoi Skype 021A"]
[Site "Skype"]
[Date "????.??.??"]
[Round "6.2"]
[White "Deville, Olivier"]
[Black "Lopez, Jose Luis"]
[Result "1/2-1/2"]
[WhiteElo "1991"]
[BlackElo "1816"]
[PlyCount "56"]

1. c4 c6 2. Nf3 Nf6 3. e3 d5 4. Nc3 Bf5 5. Qb3 Qb6 6. cxd5 Qxb3 7. axb3 Nxd5 8.
Nxd5 cxd5 9. d4 Nc6 10. Bb5 f6 11. O-O Kf7 12. Bd2 Bd7 13. Rfc1 e6 14. Ne1 Bd6
15. Nd3 a6 16. Bxc6 Bxc6 17. Nc5 Bxc5 18. Rxc5 e5 19. dxe5 fxe5 20. Ba5 Rhc8
21. Rac1 Bd7 22. Bc7 Ke6 23. f4 exf4 24. exf4 Bc6 25. Be5 g6 26. g3 Bd7 27. Kf2
Rxc5 28. Rxc5 Rc8 1/2-1/2

[Event "Tournoi Skype 021A"]
[Site "Skype"]
[Date "????.??.??"]
[Round "6.3"]
[White "Trivedi, Viral"]
[Black "Montenegro, Juan Carlos"]
[Result "0-1"]
[WhiteElo "1664"]
[BlackElo "1735"]
[PlyCount "64"]

1. d4 Nf6 2. Bf4 d5 3. h3 e6 4. Nf3 Bd6 5. Ne5 O-O 6. e3 c5 7. c3 cxd4 8. exd4
Ne4 9. Nd2 f6 10. Nd3 Bxf4 11. Nxf4 e5 12. Nxe4 exf4 13. Nc5 b6 14. Nd3 Re8+
15. Kd2 Qd6 16. Qf3 g5 17. Nb4 Bb7 18. Bd3 a5 19. Qh5 Re7 20. Nc2 Nd7 21. Rae1
Nf8 22. Rxe7 Qxe7 23. Re1 Qf7 24. Qf3 Re8 25. Rxe8 Qxe8 26. g3 fxg3 27. fxg3
Qf7 28. Ne3 h5 29. Nf5 Kh8 30. Nd6 Qc7 31. Qxh5+ Kg8 32. Qg6+ Nxg6 0-1

[Event "Tournoi Skype 021A"]
[Site "Skype"]
[Date "????.??.??"]
[Round "6.4"]
[White "Ibarra Cantu, Raul Alberto"]
[Black "Gasperoni, Claudio"]
[Result "1/2-1/2"]
[WhiteElo "1941"]
[BlackElo "1818"]
[PlyCount "140"]

1. d4 d5 2. c4 c6 3. Nf3 Nf6 4. Nc3 dxc4 5. a4 Bf5 6. e3 e6 7. Bxc4 Bb4 8. O-O
Nbd7 9. Bd2 O-O 10. Ne2 Bd6 11. Ng3 Bg4 12. Be2 Nb6 13. Ba5 Qe7 14. Nd2 Bxe2
15. Qxe2 Nbd5 16. Nge4 Bb4 17. Bxb4 Qxb4 18. Nxf6+ Nxf6 19. Qd3 Rfd8 20. Qc3
Qd6 21. Qc2 e5 22. Nc4 Qd5 23. dxe5 Ng4 24. Rfd1 Qe6 25. Rd6 Rxd6 26. exd6 b5
27. h3 Nxf2 28. Qxf2 bxc4 29. Rd1 Rd8 30. Qf4 f6 31. Qd4 Rd7 32. Kf2 g5 33. Qc5
Qe4 34. Rd4 Qc2+ 35. Kf3 Qc1 36. Qxc4+ Qxc4 37. Rxc4 Rxd6 38. Rc5 Kf7 39. Ra5
Rd7 40. Rc5 Rd6 41. b4 Ke6 42. Ra5 Rd7 43. Ra6 Rc7 44. b5 Kd5 45. bxc6 Rxc6 46.
Rxa7 h5 47. Rd7+ Ke5 48. Rb7 Rc4 49. a5 Ra4 50. Rb5+ Ke6 51. Rb6+ Ke5 52. a6
g4+ 53. hxg4 hxg4+ 54. Kg3 Kf5 55. Rd6 Kg5 56. Rd4 Rxa6 57. Rxg4+ Kf5 58. Rf4+
Ke5 59. Kf3 Ra3 60. g4 Rb3 61. Rf5+ Ke6 62. Kf4 Rb4+ 63. Kf3 Ra4 64. Rh5 Kf7
65. Rc5 Ke6 66. g5 fxg5 67. Rxg5 Kf6 68. Rc5 Ke6 69. e4 Rb4 70. Kg4 Rxe4+
1/2-1/2

[Event "Tournoi Skype 021A"]
[Site "Skype"]
[Date "????.??.??"]
[Round "6.5"]
[White "Karia, Vijay"]
[Black "Rico Hernandez, Edgar"]
[Result "1/2-1/2"]
[WhiteElo "1818"]
[BlackElo "1899"]
[PlyCount "57"]

1. e4 c6 2. d4 d5 3. exd5 cxd5 4. Bd3 Nf6 5. Bf4 Bg4 6. Nf3 Nc6 7. c3 e6 8.
Nbd2 Bd6 9. Bg5 Be7 10. Bf4 Rc8 11. O-O O-O 12. Re1 a6 13. Re3 Bd6 14. Be5 Bh5
15. h3 Qc7 16. Qe1 Bg6 17. Bxg6 hxg6 18. Ng5 Nd7 19. f4 Nf6 20. Qh4 Rfe8 21.
Bxf6 gxf6 22. Qh7+ Kf8 23. Qh8+ Ke7 24. Rxe6+ fxe6 25. Qg7+ Kd8 26. Nf7+ Kd7
27. Ne5+ Kd8 28. Nf7+ Kd7 29. Ne5+ 1/2-1/2

[Event "Tournoi Skype 021A"]
[Site "Skype"]
[Date "????.??.??"]
[Round "6.6"]
[White "Fernandez Cabello, Emilio"]
[Black "Hilton, Stephen"]
[Result "1-0"]
[WhiteElo "1524"]
[BlackElo "1883"]
[PlyCount "31"]

1. e4 c5 2. Nf3 d6 3. Bb5+ Nd7 4. a4 a6 5. Bc4 Ngf6 6. O-O e6 7. Nc3 Be7 8. Re1
O-O 9. e5 dxe5 10. Nxe5 Nxe5 11. Rxe5 Qd4 12. Qe2 Bd6 13. Re3 Ng4 14. Rh3 Nxf2
15. Qxf2 Qxc4 16. Rh4 1-0

[Event "Tournoi Skype 021A"]
[Site "Skype"]
[Date "????.??.??"]
[Round "6.7"]
[White "Diaz, Jose Garcia"]
[Black "Ricieri, Vinicius"]
[Result "0-1"]
[WhiteElo "1515"]
[BlackElo "1881"]
[PlyCount "66"]

1. e4 c5 2. Nf3 g6 3. c3 Bg7 4. d4 cxd4 5. cxd4 d5 6. e5 Nc6 7. Bb5 Nh6 8.
Bxc6+ bxc6 9. O-O O-O 10. Bd2 Rb8 11. Bc3 Qc7 12. Nbd2 Bg4 13. h3 Bxf3 14. Nxf3
f6 15. Re1 fxe5 16. Nxe5 Nf7 17. Qe2 Nxe5 18. dxe5 c5 19. b3 a5 20. Rac1 a4 21.
b4 c4 22. Qg4 Rf5 23. f4 Qb6+ 24. Kh1 d4 25. Ba1 c3 26. Qf3 Qxb4 27. Qd5+ Kh8
28. Rb1 Qxb1 29. Rxb1 Rxb1+ 30. Kh2 c2 31. Qd8+ Rf8 32. Qxd4 c1=Q 33. Bc3 Qxf4+
0-1

[Event "Tournoi Skype 021A"]
[Site "Skype"]
[Date "????.??.??"]
[Round "6.8"]
[White "Altinok, Selim"]
[Black "Casey, Eamonn"]
[Result "1-0"]
[WhiteElo "1818"]
[BlackElo "1715"]
[PlyCount "59"]

1. Nf3 d5 2. d4 e6 3. e3 Nf6 4. c4 c6 5. Nc3 Nbd7 6. a3 Bd6 7. Qc2 O-O 8. Bd3
h6 9. e4 dxe4 10. Nxe4 Nxe4 11. Bxe4 Nf6 12. Bd3 Qc7 13. Qe2 Re8 14. Ne5 b6 15.
f4 Bb7 16. O-O c5 17. Be3 cxd4 18. Bxd4 Bc5 19. Bxc5 Qxc5+ 20. Kh1 Rad8 21. b4
Qc7 22. Rac1 Nd7 23. Ng4 e5 24. f5 e4 25. Bb1 Qc6 26. f6 Nxf6 27. Rxf6 gxf6 28.
Nxh6+ Kf8 29. Qh5 e3 30. Qxf7# 1-0

[Event "Tournoi Skype 021A"]
[Site "Skype"]
[Date "????.??.??"]
[Round "6.9"]
[White "Engstrom, Olle"]
[Black "Mela, Pier Giorgio"]
[Result "0-1"]
[WhiteElo "1788"]
[BlackElo "1600"]
[PlyCount "48"]

1. e4 Nf6 2. e5 Nd5 3. d4 d6 4. c4 Nb6 5. f4 dxe5 6. fxe5 Nc6 7. Be3 Bf5 8. Nc3
e6 9. Nf3 Nb4 10. Rc1 c5 11. a3 cxd4 12. Bxd4 Nc6 13. Be3 Nd7 14. Nb5 Ndxe5 15.
Qxd8+ Rxd8 16. Nxe5 Nxe5 17. Bxa7 Be7 18. Be2 Nd3+ 19. Bxd3 Rxd3 20. Bd4 O-O
21. O-O Rd8 22. Rcd1 Bg5 23. Kh1 Rxd1 24. Rxd1 e5 0-1

[Event "Tournoi Skype 021A"]
[Site "Skype"]
[Date "????.??.??"]
[Round "6.10"]
[White "Le Brun, Yves"]
[Black "Khetre, Gaurav"]
[Result "0-1"]
[WhiteElo "1445"]
[BlackElo "1617"]
[PlyCount "38"]

1. d4 Nf6 2. Nf3 e6 3. Bf4 b6 4. g3 Bb7 5. Bg2 Be7 6. O-O O-O 7. Ne5 Bxg2 8.
Kxg2 d6 9. Nd3 Nbd7 10. Nc3 Rc8 11. e4 c5 12. dxc5 Nxc5 13. Nxc5 Rxc5 14. Qd3
Qc7 15. f3 Rd8 16. Rac1 Qc6 17. Na4 Qxa4 18. a3 d5 19. Rfd1 dxe4 0-1

[Event "Tournoi Skype 021A"]
[Site "Skype"]
[Date "????.??.??"]
[Round "6.11"]
[White "Farthouat, Titoine"]
[Black "Yardimci, Ertan"]
[Result "1-0"]
[WhiteElo "1667"]
[BlackElo "1445"]
[PlyCount "77"]

1. e4 e5 2. Nf3 Nc6 3. Bb5 a6 4. Ba4 Nf6 5. d3 b5 6. Bb3 Bc5 7. O-O O-O 8. Nc3
Bb7 9. Bg5 Na5 10. Bd5 Be7 11. Bxb7 Nxb7 12. Nxe5 h6 13. Bf4 Nc5 14. d4 Ne6 15.
Qd2 Nxf4 16. Qxf4 Bd6 17. Qe3 c6 18. Nd3 Bc7 19. d5 cxd5 20. exd5 Re8 21. Qf3
d6 22. Rfe1 Qd7 23. Ne4 Nxd5 24. Rad1 Qe7 25. Ng3 Qg5 26. h4 Rxe1+ 27. Nxe1 Qe5
28. Qxd5 Re8 29. Qxe5 dxe5 30. f3 g6 31. Ne4 Kg7 32. Nc5 Bb6 33. b4 e4 34. Kh1
e3 35. Rd3 a5 36. c3 axb4 37. cxb4 f5 38. f4 Bc7 39. Rd7+ 1-0

[Event "Tournoi Skype 021A"]
[Site "Skype"]
[Date "????.??.??"]
[Round "6.12"]
[White "Murolo, Antonio"]
[Black "Segura Lozano, Marcos Antonio"]
[Result "1-0"]
[WhiteElo "1614"]
[BlackElo "1889"]
[PlyCount "99"]

1. d4 Nf6 2. Bf4 d6 3. Nf3 g6 4. e3 Bg7 5. h3 Nbd7 6. c3 O-O 7. Be2 c6 8. Nbd2
Qc7 9. O-O e5 10. dxe5 dxe5 11. Bh2 Re8 12. Nc4 Nd5 13. Bd3 b5 14. Ncd2 Nc5 15.
Bc2 Qe7 16. Ne4 Nxe4 17. Bxe4 Rd8 18. Qb3 Be6 19. Qc2 f5 20. Bxd5 Bxd5 21. Rad1
e4 22. Nd4 a6 23. b3 c5 24. Ne2 g5 25. c4 Bc6 26. Rxd8+ Rxd8 27. cxb5 Bxb5 28.
Re1 Rd3 29. Rc1 h6 30. a4 Be8 31. Ng3 Bc3 32. Nxf5 Qf6 33. Nd6 Rd2 34. Qxe4
Qxf2+ 35. Kh1 Bf7 36. Nxf7 Kxf7 37. Qc4+ Ke8 38. Qe6+ Kd8 39. Qe4 Bb4 40. Bg1
Qf6 41. Qg4 Qd6 42. Bh2 Qd3 43. Qf3 Re2 44. Qf8+ Kd7 45. Qf7+ Kc6 46. Qe6+ Kb7
47. Qe7+ Kc6 48. Qc7+ Kd5 49. Qd6+ Ke4 50. Qe5# 1-0

[Event "Tournoi Skype 021A"]
[Site "Skype"]
[Date "????.??.??"]
[Round "6.13"]
[White "Hague, Mark"]
[Black "Thoune, Jim"]
[Result "1/2-1/2"]
[WhiteElo "1506"]
[BlackElo "1766"]
[PlyCount "84"]

1. d4 Nf6 2. c4 e6 3. e3 d5 4. Nc3 c6 5. c5 Nbd7 6. Bd3 e5 7. Nge2 Be7 8. O-O
O-O 9. a3 Qc7 10. f4 e4 11. Bc2 b6 12. b4 b5 13. Bd2 a5 14. Qb1 axb4 15. axb4
Bb7 16. Qb2 Rae8 17. Ra7 Nb8 18. Rfa1 Qc8 19. R7a2 Bd8 20. Ra3 Nh5 21. Be1 Re6
22. Ng3 Nxg3 23. Bxg3 f5 24. Ne2 Rh6 25. Nc1 Nd7 26. Nb3 Nf6 27. Bd1 Ng4 28.
Bxg4 fxg4 29. Na5 Bxa5 30. Rxa5 Qf5 31. Qf2 Rhf6 32. Rf1 g5 33. Ra7 R6f7 34.
Ra2 h5 35. fxg5 Qxg5 36. Bf4 Qe7 37. g3 Rf5 38. Qg2 h4 39. gxh4 Qxh4 40. Qg3
Qxg3+ 41. hxg3 R5f7 42. Rfa1 Kh7 1/2-1/2

[Event "Tournoi Skype 021A"]
[Site "Skype"]
[Date "????.??.??"]
[Round "6.14"]
[White "Yeter, Orhan"]
[Black "Jogi, Kalpesh"]
[Result "1-0"]
[WhiteElo "1648"]
[BlackElo "1503"]
[PlyCount "115"]

1. e4 d5 2. exd5 Qxd5 3. Nc3 Qd8 4. d4 c6 5. Bc4 e6 6. Nf3 a6 7. O-O Nf6 8. Re1
Be7 9. Bg5 O-O 10. Qe2 h6 11. Bh4 Re8 12. Rad1 b5 13. Bd3 Bb7 14. Bxf6 Bxf6 15.
Ne4 Nd7 16. Nd6 Qc7 17. Nxe8 Rxe8 18. c3 c5 19. Be4 Bxe4 20. Qxe4 cxd4 21. Nxd4
Bxd4 22. Qxd4 Nf6 23. Qd6 Qxd6 24. Rxd6 Ra8 25. Red1 Nd5 26. Rc1 Kf8 27. c4
bxc4 28. Rxc4 Ke7 29. Rdc6 Kd7 30. g3 a5 31. R6c5 Ra7 32. Ra4 Kd6 33. Rcxa5
Rxa5 34. Rxa5 g6 35. Ra7 Nc7 36. a4 Kc6 37. a5 f5 38. b4 h5 39. Kg2 g5 40. Kf3
h4 41. gxh4 gxh4 42. Rxc7+ Kxc7 43. Kf4 Kc6 44. Ke5 Kb5 45. Kxe6 Kxb4 46. a6
Kb5 47. a7 Kb6 48. a8=Q f4 49. Qc8 Kb5 50. Kd5 f3 51. Qc4+ Kb6 52. Qc5+ Kb7 53.
Qc6+ Kb8 54. Kd6 h3 55. Kd7 Ka7 56. Qb5 Ka8 57. Kc7 Ka7 58. Qb7# 1-0

[Event "Tournoi Skype 021A"]
[Site "Skype"]
[Date "????.??.??"]
[Round "6.15"]
[White "Mordaa, Ahmad"]
[Black "Sepulveda, Lyda Marcela"]
[Result "0-1"]
[WhiteElo "1412"]
[BlackElo "1628"]
[PlyCount "84"]

1. e4 e5 2. Nf3 Nc6 3. Bc4 Bc5 4. c3 Nf6 5. d4 exd4 6. cxd4 Bb4+ 7. Nc3 Nxe4 8.
O-O Nxc3 9. bxc3 Be7 10. Re1 d5 11. Bd3 O-O 12. Qc2 g6 13. Bf4 Be6 14. Ne5 Nxe5
15. Bxe5 Bd6 16. Re3 Qd7 17. Bxd6 Qxd6 18. Rg3 Rae8 19. Qd2 Kg7 20. Re1 Bd7 21.
Ree3 Rxe3 22. Rxe3 Qf4 23. Qe2 Bg4 24. f3 Bf5 25. Bxf5 Qxf5 26. Re7 Rc8 27. Re5
Qd7 28. Re7 Qc6 29. Qe3 Qd6 30. Re5 c6 31. Re7 Rb8 32. g3 Kf8 33. Re5 Qf6 34.
Qh6+ Qg7 35. Qe3 f6 36. Re7 Qxe7 37. Qh6+ Kg8 38. Qf4 Re8 39. Kg2 Kg7 40. h4
Qe2+ 41. Kh3 Qf1+ 42. Kg4 h5# 0-1

[Event "Tournoi Skype 021A"]
[Site "Skype"]
[Date "????.??.??"]
[Round "6.16"]
[White "Alvarez, Rafael Andres"]
[Black "Mitrani, Alberto"]
[Result "0-1"]
[WhiteElo "1621"]
[BlackElo "1505"]
[PlyCount "88"]

1. d4 f5 2. Nf3 Nf6 3. Bf4 g6 4. e3 d6 5. Bc4 Bg7 6. Nbd2 Nbd7 7. Qe2 a6 8. h4
b5 9. b3 bxc4 10. Nxc4 O-O 11. h5 Nxh5 12. Rxh5 gxh5 13. Ng5 Nf6 14. O-O-O Qe8
15. Na5 Kh8 16. Qc4 Bd7 17. Qxc7 Rc8 18. Qb6 Bb5 19. Ne6 Nd5 20. Nxg7 Kxg7 21.
Qa7 Rc7 22. Nb7 Bc6 23. Nxd6 Rxa7 24. Nxe8+ Rxe8 25. Be5+ Kf7 26. Kd2 Rb7 27.
Rh1 Kg6 28. f3 a5 29. a4 Kg5 30. g3 Nf6 31. f4+ Kg6 32. Rh2 Ne4+ 33. Kd3 Nxg3
34. Rh4 Be4+ 35. Kd2 Nf1+ 36. Ke2 Bxc2 37. Kxf1 Rxb3 38. Kf2 Be4 39. Bc7 Rb2+
40. Kg3 Rg2+ 41. Kh3 Rc8 42. d5 Rxc7 43. d6 Rc1 44. Rxh5 Rh1# 0-1

[Event "Tournoi Skype 021A"]
[Site "Skype"]
[Date "????.??.??"]
[Round "6.17"]
[White "Saponara, Jose Maria"]
[Black "Rugman, Dan"]
[Result "1-0"]
[WhiteElo "1722"]
[BlackElo "1598"]
[PlyCount "75"]

1. Nf3 c5 2. g3 g6 3. Bg2 Bg7 4. O-O d6 5. d4 cxd4 6. Nxd4 Nd7 7. c3 Ngf6 8.
Be3 O-O 9. Na3 a6 10. Nac2 Qc7 11. Rc1 Nc5 12. Nb4 Bg4 13. Nd5 Nxd5 14. Bxd5
Bh3 15. Bg2 Bxg2 16. Kxg2 b5 17. Nf3 Qb7 18. Bxc5 dxc5 19. h4 Rfd8 20. Qc2 Rd7
21. Rfd1 Rad8 22. Rxd7 Qxd7 23. a3 e5 24. e4 f6 25. c4 Bf8 26. b3 Kf7 27. Rb1
Qc6 28. cxb5 axb5 29. a4 bxa4 30. bxa4 Ra8 31. Qc4+ Qe6 32. Rb7+ Be7 33. Qxc5
Rxa4 34. Qc7 Rxe4 35. Qd8 Rb4 36. Ra7 e4 37. Nd4 Qe5 38. Nc6 1-0

[Event "Tournoi Skype 021A"]
[Site "Skype"]
[Date "????.??.??"]
[Round "6.18"]
[White "Martinez, Jose Abel"]
[Black "Luna Perez Vico, Lorenzo"]
[Result "1/2-1/2"]
[WhiteElo "1690"]
[BlackElo "1554"]
[PlyCount "46"]

1. d4 Nf6 2. Nf3 d5 3. Bf4 Bf5 4. e3 e6 5. Bd3 Bd6 6. Ne5 Ne4 7. f3 Nf6 8. Bg5
h6 9. Bh4 Nbd7 10. f4 Be7 11. Bxf5 exf5 12. Nd2 Ne4 13. Bxe7 Qxe7 14. Nxe4 fxe4
15. O-O O-O 16. c3 c6 17. Qg4 Nf6 18. Qh4 Rae8 19. h3 Kh7 20. g4 Ng8 21. g5 Qe6
22. Kh2 Qf5 23. Rg1 Ne7 1/2-1/2

[Event "Tournoi Skype 021A"]
[Site "Skype"]
[Date "????.??.??"]
[Round "6.20"]
[White "Thacker, Stephen"]
[Black "Sauvaget, Joel"]
[Result "1-0"]
[WhiteElo "1600"]
[BlackElo "1662"]
[PlyCount "143"]

1. c4 e5 2. g3 Nc6 3. Bg2 d6 4. Nc3 Bd7 5. d3 Nf6 6. e3 a6 7. Nge2 Rb8 8. b3
Be7 9. Bb2 O-O 10. Qd2 Qc8 11. O-O Bh3 12. f4 Bxg2 13. Kxg2 exf4 14. Nxf4 Ne5
15. Ncd5 Re8 16. e4 Bd8 17. Rae1 c6 18. Nxf6+ Bxf6 19. Nh5 Be7 20. Qf4 Qe6 21.
Re3 Qg6 22. Bxe5 dxe5 23. Qxe5 Bg5 24. Qxb8 Rxb8 25. Nf4 Bxf4 26. Rxf4 Re8 27.
Ref3 Re6 28. Rf5 Rf6 29. d4 Rxf5 30. Rxf5 f6 31. Kf3 Qe8 32. d5 cxd5 33. cxd5
Qd7 34. Ke3 Qd6 35. Kd3 g6 36. Rf2 Kg7 37. Rd2 b5 38. Rc2 Qd7 39. b4 f5 40. Rc5
fxe4+ 41. Kxe4 Qf5+ 42. Kd4 Qf6+ 43. Ke4 Qe7+ 44. Kd4 Kh6 45. a3 Qd7 46. d6
Qg4+ 47. Kd5 Qf5+ 48. Kc6 Qe6 49. Kc7 Kg7 50. d7 Qe7 51. Rc6 Kf7 52. Kc8 Qe4
53. Kc7 Qe7 54. Kc8 Qe4 55. d8=Q Qxc6+ 56. Qc7+ Qxc7+ 57. Kxc7 h5 58. Kb6 Kf6
59. Kxa6 Kf5 60. Kxb5 h4 61. Kc6 hxg3 62. hxg3 Kg4 63. b5 Kxg3 64. b6 g5 65. b7
g4 66. b8=Q+ Kh3 67. Qb1 Kh2 68. Qc2+ Kh3 69. Qf2 g3 70. Qg1 g2 71. Kd5 Kg3 72.
Ke4 1-0

[Event "Tournoi Skype 021A"]
[Site "Skype"]
[Date "????.??.??"]
[Round "6.21"]
[White "Carballo, Jorge"]
[Black "Balanagendran"]
[Result "1-0"]
[WhiteElo "1630"]
[BlackElo "1400"]
[PlyCount "103"]

1. d4 c5 2. c3 e6 3. Nf3 Nc6 4. e4 cxd4 5. cxd4 Nf6 6. Nc3 Bb4 7. Bd2 O-O 8.
Bd3 Qb6 9. e5 Ng4 10. h3 Nxf2 11. Kxf2 Nxd4 12. Nxd4 Qxd4+ 13. Be3 Qxe5 14. Re1
b6 15. Qg4 f5 16. Qxb4 Bb7 17. Qf4 Qf6 18. Bd4 Qg6 19. Qg3 Qxg3+ 20. Kxg3 f4+
21. Kf2 Rae8 22. Ne4 Re7 23. Nd6 Bxg2 24. Kxg2 f3+ 25. Kf2 Rf4 26. Re4 e5 27.
Bc4+ Kf8 28. Rxf4+ exf4 29. Re1 g5 30. Rxe7 Kxe7 31. Nc8+ Kd8 32. Nxa7 Kc7 33.
Nb5+ Kc6 34. Kxf3 d5 35. Bd3 h6 36. Nc3 h5 37. Bg6 g4+ 38. hxg4 hxg4+ 39. Kxf4
g3 40. Bf7 g2 41. Bxd5+ Kd6 42. Bxg2 Kc7 43. Nd5+ Kc6 44. Nxb6+ Kb5 45. a4+ Ka5
46. Bc5 Ka6 47. Ke5 Ka5 48. Kd6 Ka6 49. Kc7 Ka5 50. Kb8 Ka6 51. Bf1+ Ka5 52.
b4# 1-0

[Event "Tournoi Skype 021A"]
[Site "Skype"]
[Date "????.??.??"]
[Round "6.23"]
[White "L'Herbon De Lussats, Jean"]
[Black "Khunte, Aniruddha"]
[Result "0-1"]
[WhiteElo "1618"]
[BlackElo "1494"]
[PlyCount "94"]

1. e4 e5 2. c4 Nf6 3. Nc3 Nc6 4. Nf3 Bc5 5. d3 h6 6. Be3 Bxe3 7. fxe3 Ng4 8.
Qd2 Nb4 9. O-O-O a5 10. d4 exd4 11. exd4 c6 12. a3 Na6 13. e5 h5 14. h3 Nh6 15.
Ng5 c5 16. Nce4 cxd4 17. Qxd4 O-O 18. g4 h4 19. Nd6 Qxg5+ 20. Kb1 b6 21. Bg2
Rb8 22. Rhf1 Nc5 23. Bd5 Qg6+ 24. Ka2 Ne6 25. Qf2 Ba6 26. Qxh4 Qg5 27. Qf2 Qxe5
28. Nf5 Qf6 29. Rg1 b5 30. c5 Qg5 31. Be4 a4 32. Rxd7 Nxf5 33. Bxf5 b4 34. Ra7
Bc4+ 35. Kb1 bxa3 36. Rxa4 Rxb2+ 37. Qxb2 axb2 38. Rxc4 Qe3 39. Rg2 Qe1+ 40.
Kxb2 Rb8+ 41. Kc2 Rc8 42. c6 Qf1 43. Rg3 Qxc4+ 44. Rc3 Qe2+ 45. Kb3 Nd4+ 46.
Ka4 Qb5+ 47. Ka3 Ra8# 0-1

[Event "Tournoi Skype 021A"]
[Site "Skype"]
[Date "????.??.??"]
[Round "6.24"]
[White "Duthoit, Bernard"]
[Black "Perrone, Gabriel Lorenzo"]
[Result "0-1"]
[WhiteElo "1468"]
[BlackElo "1469"]
[PlyCount "82"]

1. e4 e5 2. d4 exd4 3. c3 dxc3 4. Bc4 Nc6 5. Nxc3 d6 6. Nf3 Be6 7. Nd5 Nf6 8.
Bg5 Be7 9. O-O Nxe4 10. Bxe7 Nxe7 11. Re1 Nf6 12. Nxe7 Qxe7 13. Bxe6 fxe6 14.
Qa4+ Nd7 15. Qb3 Nc5 16. Qc4 O-O-O 17. b4 Na6 18. Rxe6 d5 19. Qg4 Qd7 20. a3
Rhe8 21. Ne5 Qxe6 22. Qxe6+ Rxe6 23. f4 d4 24. Nd3 h6 25. b5 Re3 26. Rd1 Nb8
27. Kf2 g5 28. g3 gxf4 29. gxf4 Nd7 30. a4 Rf8 31. a5 Ne5 32. Nxe5 Rxf4+ 33.
Nf3 Rexf3+ 34. Kg1 d3 35. Rd2 Re3 36. b6 axb6 37. axb6 Rff3 38. bxc7 Kxc7 39.
Kg2 Re2+ 40. Kxf3 Rxd2 41. Ke3 Rxh2 0-1

[Event "Tournoi Skype 021A"]
[Site "Skype"]
[Date "????.??.??"]
[Round "6.25"]
[White "Perez Fermin, Jose"]
[Black "Legueltel, Daniel"]
[Result "1/2-1/2"]
[WhiteElo "1595"]
[BlackElo "1726"]
[PlyCount "50"]

1. e4 e5 2. Bc4 Nf6 3. Nf3 Be7 4. Nc3 Nc6 5. d4 exd4 6. Nxd4 Ne5 7. Bb3 O-O 8.
f4 Nc6 9. e5 Ne8 10. Be3 d6 11. Qf3 Nxd4 12. Bxd4 dxe5 13. Bxe5 Bf6 14. O-O
Bxe5 15. fxe5 Qe7 16. Rae1 c6 17. Qg3 Be6 18. Ne4 Bxb3 19. Nf6+ Kh8 20. Nxe8
Raxe8 21. Qxb3 h6 22. Rf3 Qc5+ 23. Kh1 Rxe5 24. Ref1 f6 25. h3 Qe7 1/2-1/2

[Event "Tournoi Skype 021A"]
[Site "Skype"]
[Date "????.??.??"]
[Round "6.27"]
[White "Bendre, Pankaj"]
[Black "Fouquereau, Andre"]
[Result "1-0"]
[WhiteElo "1558"]
[BlackElo "1492"]
[PlyCount "31"]

1. e4 e5 2. Nf3 d6 3. d4 exd4 4. Nxd4 Nf6 5. Nc3 c6 6. f3 Be7 7. Be3 Nbd7 8.
Qd2 a6 9. Be2 c5 10. Nf5 Bf8 11. Nxd6+ Bxd6 12. Qxd6 b6 13. e5 Nd5 14. Nxd5 Bb7
15. O-O-O Qe7 16. Bg5 1-0

[Event "Tournoi Skype 021A"]
[Site "Skype"]
[Date "????.??.??"]
[Round "7.1"]
[White "Siret, Bernard"]
[Black "Montenegro, Juan Carlos"]
[Result "1-0"]
[WhiteElo "2012"]
[BlackElo "1735"]
[PlyCount "59"]

1. e4 e6 2. d4 d5 3. Be3 dxe4 4. Nd2 Nf6 5. f3 exf3 6. Ngxf3 Bd6 7. Bd3 Nd5 8.
Qe2 Nd7 9. c3 N7f6 10. g3 Nxe3 11. Qxe3 O-O 12. O-O h6 13. Rad1 b6 14. Ne5 c5
15. Ne4 Nd5 16. Qf3 Bxe5 17. dxe5 Bb7 18. Nd6 Bc6 19. Qe4 f5 20. exf6 Rxf6 21.
Qh7+ Kf8 22. Ne4 Qe7 23. Qh8+ Kf7 24. Nxf6 Nxf6 25. Qh7 Rg8 26. Bg6+ Kf8 27.
Rxf6+ gxf6 28. Rd8+ Be8 29. Rxe8+ Qxe8 30. Bxe8 1-0

[Event "Tournoi Skype 021A"]
[Site "Skype"]
[Date "????.??.??"]
[Round "7.2"]
[White "Ricieri, Vinicius"]
[Black "Deville, Olivier"]
[Result "1/2-1/2"]
[WhiteElo "1881"]
[BlackElo "1991"]
[PlyCount "53"]

1. d4 Nf6 2. c4 e6 3. Nf3 Bb4+ 4. Bd2 Qe7 5. g3 Nc6 6. Bg2 Bxd2+ 7. Nbxd2 O-O
8. O-O d6 9. e4 e5 10. d5 Nb8 11. b4 a5 12. a3 Bg4 13. Qc2 Na6 14. Qc3 axb4 15.
axb4 c5 16. dxc6 bxc6 17. b5 cxb5 18. cxb5 Nc5 19. Rxa8 Rxa8 20. Re1 Ra4 21. h3
Bd7 22. b6 Bc6 23. Nh4 g6 24. Ra1 Qb7 25. Rxa4 Nxa4 26. Qb4 Nc5 27. Nc4 1/2-1/2

[Event "Tournoi Skype 021A"]
[Site "Skype"]
[Date "????.??.??"]
[Round "7.3"]
[White "Fernandez Cabello, Emilio"]
[Black "Altinok, Selim"]
[Result "0-1"]
[WhiteElo "1524"]
[BlackElo "1818"]
[PlyCount "69"]

1. e4 g6 2. d4 d6 3. f4 c6 4. Nf3 d5 5. e5 h5 6. Bd3 Nh6 7. Nbd2 Bf5 8. Nf1 e6
9. Ng3 Bxd3 10. Qxd3 h4 11. Nf1 Nf5 12. Ne3 Nxe3 13. Bxe3 Nd7 14. h3 Qb6 15.
O-O c5 16. c3 Rc8 17. Qe2 a6 18. Rac1 Be7 19. b3 Kf8 20. Kh2 Kg7 21. Ng5 cxd4
22. cxd4 Nb8 23. Qg4 Nc6 24. Rfd1 Rh5 25. Qe2 Qd8 26. Nf3 Ba3 27. Rc2 Ne7 28.
Bc1 Bb4 29. Bb2 Rxc2 30. Qxc2 Nf5 31. Rc1 Rh8 32. Qc7 Qxc7 33. Rxc7 Rb8 34. Ng5
Be7 35. Nxe6+ 0-1

[Event "Tournoi Skype 021A"]
[Site "Skype"]
[Date "????.??.??"]
[Round "7.4"]
[White "Lopez, Jose Luis"]
[Black "Murgia, Stefano"]
[Result "1-0"]
[WhiteElo "1816"]
[BlackElo "1666"]
[PlyCount "79"]

1. e4 e5 2. Nf3 Nc6 3. Bc4 Nf6 4. Ng5 d5 5. exd5 Na5 6. Bb5+ c6 7. dxc6 bxc6 8.
Qf3 Be7 9. Bxc6+ Nxc6 10. Qxc6+ Bd7 11. Qf3 Bg4 12. Qg3 h5 13. h3 h4 14. Qxe5
O-O 15. hxg4 Bd6 16. Qd4 Re8+ 17. Kd1 Qe7 18. c3 Rad8 19. Qc4 Rf8 20. d3 Rc8
21. Re1 Rxc4 22. Rxe7 Bxe7 23. dxc4 Nxg4 24. f3 Ne5 25. b3 Rd8+ 26. Kc2 Nd3 27.
Ne4 Ne1+ 28. Kb2 Nxg2 29. Bg5 f6 30. Bd2 f5 31. Bg5 fxe4 32. Bxe7 Re8 33. Bxh4
Nxh4 34. fxe4 Rxe4 35. Nd2 Re2 36. Kc2 g5 37. Kd3 Re6 38. Ne4 g4 39. Rg1 Rg6
40. Rxg4 1-0

[Event "Tournoi Skype 021A"]
[Site "Skype"]
[Date "????.??.??"]
[Round "7.5"]
[White "Rico Hernandez, Edgar"]
[Black "Ibarra Cantu, Raul Alberto"]
[Result "0-1"]
[WhiteElo "1899"]
[BlackElo "1941"]
[PlyCount "122"]

1. d4 Nf6 2. c4 e6 3. Nc3 d5 4. Nf3 Be7 5. Bg5 O-O 6. e3 Nbd7 7. Rc1 h6 8. Bh4
c6 9. Bd3 dxc4 10. Bxc4 Nd5 11. Bxe7 Qxe7 12. O-O Nxc3 13. Rxc3 c5 14. Qc2 cxd4
15. exd4 Nb6 16. Re1 Bd7 17. Bb3 Bc6 18. Ne5 Bd5 19. Rc1 Bxb3 20. Qxb3 Rac8 21.
Rxc8 Rxc8 22. Rxc8+ Nxc8 23. Qc3 Nb6 24. a3 Nd5 25. Qc8+ Kh7 26. Qc2+ g6 27. h3
Kg7 28. Qc5 b6 29. Qc1 Qc7 30. Qd2 f6 31. Nf3 Qf4 32. Qc2 Qd6 33. Qc8 g5 34.
Qc2 Qc7 35. Qxc7+ Nxc7 36. Kf1 Kf7 37. Ke2 Ke7 38. Kd3 Kd6 39. Nd2 f5 40. Nc4+
Kd5 41. Ne3+ Kd6 42. Kc4 b5+ 43. Kd3 Nd5 44. Nxd5 Kxd5 45. b3 a5 46. g3 h5 47.
f3 a4 48. bxa4 bxa4 49. Kc3 g4 50. fxg4 fxg4 51. hxg4 hxg4 52. Kd3 Kc6 53. Kc4
Kd6 54. Kb4 Kd5 55. Kxa4 Kxd4 56. Kb5 e5 57. a4 e4 58. a5 e3 59. a6 e2 60. a7
e1=Q 61. a8=Q Qb1+ 0-1